[Event "FIN-chT2 Gp2 1516"]
[Site "Finland"]
[Date "2016.03.12"]
[Round "7.3"]
[White "Uusitalo, Joona"]
[Black "Perttula, Juha"]
[Result "1-0"]
[WhiteElo "1820"]
[BlackElo "1895"]
[PlyCount "85"]
[EventDate "2015.09.12"]
[EventType "team-tourn"]
[EventRounds "6"]
[EventCountry "FIN"]
[SourceTitle "EXT 2017"]
[Source "ChessBase"]
[SourceDate "2016.10.25"]
[SourceVersion "1"]
[SourceVersionDate "2016.10.25"]
[SourceQuality "1"]
[WhiteTeam "Jarvenpaa SK"]
[BlackTeam "Tampere SK"]
[WhiteTeamCountry "FIN"]
[BlackTeamCountry "FIN"]

1. d4 d5 2. c4 c6 3. cxd5 cxd5 4. Nc3 Nf6 5. Bf4 Nc6 6. e3 Bf5 7. Qb3 Qd7 8. Nf3 e6 9. Ne5 Qc8 10. Bb5 Nd7 11. Nxd7 Qxd7 12. Rc1 Be7 13. 0-0 0-0 14. Na4 Rfc8 15. Rc3 Bg6 16. Rfc1 f6 17. h3 Be8 18. Nc5 Bxc5 19. Rxc5 Qd8 20. Qc2 a6 21. Bd3 h6 22. a3 Ne7 23. Qe2 Rxc5 24. Rxc5 Bg6 25. Bxg6 Nxg6 26. Qc2 Ne7 27. Qb3 b5 28. a4 Qa5 29. axb5 Qe1+ 30. Kh2 axb5 31. Qxb5 Ng6 32. Qc6 Ra1 33. Qxe6+ Kh7 34. Qxd5 Qxf2 35. Qf3 Qg1+ 36. Kg3 Rf1 37. Qe2 Nxf4 38. exf4 Qxd4 39. Rc4 Rf2 40. Qe6 Qa7 41. Qe4+ Kg8 42. Rc8+ Kf7 43. Qe8# 1-0

[Event "FIN-chT2 Gp2 1516"]
[Site "Finland"]
[Date "2016.01.09"]
[Round "5.4"]
[White "Uusitalo, Joona"]
[Black "Karttinen, Risto"]
[Result "1/2-1/2"]
[WhiteElo "1820"]
[BlackElo "1907"]
[PlyCount "112"]
[EventDate "2015.09.12"]
[EventType "team-tourn"]
[EventRounds "6"]
[EventCountry "FIN"]
[SourceTitle "EXT 2017"]
[Source "ChessBase"]
[SourceDate "2016.10.25"]
[SourceVersion "1"]
[SourceVersionDate "2016.10.25"]
[SourceQuality "1"]
[WhiteTeam "Jarvenpaa SK"]
[BlackTeam "Tampere Tammer IV"]
[WhiteTeamCountry "FIN"]
[BlackTeamCountry "FIN"]

1. d4 d6 2. Nf3 Bg4 3. e3 Nf6 4. h3 Bh5 5. c4 c6 6. Be2 Qc7 7. Nc3 e5 8. dxe5 dxe5 9. 0-0 Bd6 10. Qc2 0-0 11. a3 a5 12. e4 h6 13. Nh4 Bxe2 14. Qxe2 Re8 15. Nf5 Bf8 16. Qf3 Nbd7 17. Qg3 Kh7 18. Qh4 Qd8 19. Rd1 Ng8 20. Qg4 Ngf6 21. Qh4 Ng8 22. Qg3 g6 23. Nd6 Re7 24. Be3 b6 25. Rd2 Qc7 26. Rad1 a4 27. f4 f6 28. f5 g5 29. h4 Rg7 30. hxg5 fxg5 31. Qf3 Ngf6 32. c5 bxc5 33. Nc4 Nb6 34. Qe2 Rd7 35. Nxb6 Rxd2 36. Rxd2 Qxb6 37. Qc4 Rd8 38. Nxa4 Qa5 39. Qf7+ Bg7 40. b4 Qa8 41. Nxc5 Rxd2 42. Bxd2 Qf8 43. Qc7 Kg8 44. Ne6 Qf7 45. Qxc6 Qh5 46. Qc8+ Kh7 47. Be1 Qe2 48. Qc1 Qxe4 49. Nxg7 Kxg7 50. Qc7+ Kf8 51. Qd6+ Kf7 52. Qe6+ Kg7 53. Qe7+ Kg8 54. Qxf6 Qxe1+ 55. Kh2 Qh4+ 56. Kg1 Qe1+ 1/2-1/2

[Event "FIN-chT2 Gp2 1516"]
[Site "Finland"]
[Date "2015.11.08"]
[Round "4.4"]
[White "Mannisto, Eero"]
[Black "Uusitalo, Joona"]
[Result "0-1"]
[WhiteElo "1989"]
[BlackElo "1820"]
[PlyCount "78"]
[EventDate "2015.09.12"]
[EventType "team-tourn"]
[EventRounds "6"]
[EventCountry "FIN"]
[SourceTitle "EXT 2017"]
[Source "ChessBase"]
[SourceDate "2016.10.25"]
[SourceVersion "1"]
[SourceVersionDate "2016.10.25"]
[SourceQuality "1"]
[WhiteTeam "Vantaa EtVaS II"]
[BlackTeam "Jarvenpaa SK"]
[WhiteTeamCountry "FIN"]
[BlackTeamCountry "FIN"]

1. d4 d5 2. Nf3 Nf6 3. c4 c6 4. Nc3 e6 5. Bg5 Be7 6. e3 0-0 7. Qc2 h6 8. Bh4 a6 9. cxd5 cxd5 10. Bd3 Nc6 11. a3 Bd7 12. 0-0 Rc8 13. Bg3 Nh5 14. Be5 f6 15. Bh7+ Kh8 16. Bg3 Nxg3 17. hxg3 f5 18. Bg6 Bd6 19. Nh4 Qg5 20. Qe2 Rf6 21. Bh5 g6 22. Bf3 Bxg3 23. fxg3 Qxg3 24. Qf2 Qxf2+ 25. Kxf2 g5 26. Nxf5 Rxf5 27. Kg3 Rcf8 28. Rfd1 Ne7 29. e4 dxe4 30. Bxe4 Rf2 31. Bxb7 Rxb2 32. Bxa6 Bc6 33. Be2 Rf4 34. Ra2 Nf5+ 35. Kh2 Rxa2 36. Nxa2 Rf2 37. Nb4 Bxg2 38. Bf1 Bxf1+ 39. Kg1 Rg2+ 0-1